[Event "Golombek Memorial"]
[Site "Paignton"]
[Date "2000.09.05"]
[Round "3"]
[White "Van der Weide, Karel"]
[Black "Nunn, John DM"]
[Result "1/2-1/2"]
[WhiteElo "2467"]
[BlackElo "2578"]
[Annotator "Rogozenco,D"]
[PlyCount "78"]
[EventDate "2000.09.03"]
[EventType "tourn"]
[EventRounds "11"]
[EventCountry "ENG"]
[EventCategory "11"]
[SourceTitle "CBM 079"]
[Source "ChessBase"]
[SourceDate "2000.11.21"]
[SourceVersion "1"]
[SourceVersionDate "2000.11.21"]
[SourceQuality "1"]

1. e4 c5 2. Nf3 Nc6 3. d4 cxd4 4. Nxd4 Nf6 5. Nc3 e5 6. Ndb5 d6 7. Bg5 a6 8.
Na3 b5 9. Bxf6 gxf6 10. Nd5 f5 11. Bd3 Be6 12. O-O Bxd5 13. exd5 Ne7 14. c3 Bg7
15. Qh5 e4 16. Bc2 Qc8 17. Rae1 O-O 18. Kh1 {This useful move became the main
continuation lately. Now White is better prepared for both g2-g4 or f2-f3 
(f2-f4).} Ng6 ({The following game played recently shows the potential of
White's attack.} 18... Re8 19. f3 b4 20. cxb4 Bxb2 21. fxe4 Bxa3 22. Ba4 Bxb4
23. Rc1 Bc5 24. exf5 Kh8 25. Qxf7 Ng8 26. f6 {1-0 Smikovski,I-Shariyazdanov,A/
Samara 2000}) 19. Bb1 Re8 (19... b4 20. cxb4 Bxb2 21. Nc2 Bc3 22. Re2 Bg7 $13 {
1/2-1/2 Leko,P-Krasenkow,M/Batumi 1999/(74)}) (19... Be5 $6 20. f4 $1 {0-1
Kovalev,A-Krasenkow,M/Alborg 1995/ (43)}) 20. f3 (20. f4 b4 21. cxb4 Bxb2 22.
Nc2 $13) 20... b4 (20... exf3 21. Qxf3 Rxe1 22. Rxe1 $14 {1-0 Almasi,
Z-Krasenkow,M/Malmo 1994/(44)}) 21. cxb4 Bxb2 22. fxe4 $5 {Such piece
sacrifice may prove to be very dangerous for Black. The Rooks and Bishop from
b1 are ready to support White's attack. And Black has only one piece to
protect the King. Look to above mentioned game Smikovski,I-Shariyazdanov,A/
Samara 2000, in which Black was not able to defend in a similar position. On
the other hand Black should play active, trying to create counterplay (first
rank!) and often being ready to return his extra material.} (22. Nc2 {is the
main alternative. Future practice will show which one from Black's options is
the best reply.} Bc3 (22... exf3) (22... Re5) (22... Bg7 $6 {clear weaker than
the alternatives.} 23. Ne3 $1 $16) 23. Re2 $13) 22... Bxa3 {forced.} 23. exf5
Rxe1 24. Rxe1 Qc3 (24... Ne5 25. Qg5+ (25. f6 Ng6) 25... Kf8 26. Qh6+ Ke7 (
26... Kg8 $2 27. f6 $18) 27. f6+ Ke8 28. Qxh7 $44) 25. Rf1 Qc4 (25... Nf8 26.
Qg5+ (26. f6 $2 Qd2 $1) 26... Qg7 27. Qf4 Qe5 {Looks possible as well, but
with the game move Black tries to get an advantage. However, the position
remains equal.}) (25... Ne5 $2 26. f6 Ng6 27. Qh6 $18) 26. Rd1 Rf8 $5 27. Qf3 (
27. fxg6 $4 fxg6 {[%cal Rf8f1]}) (27. Bd3 Qxb4 28. fxg6 fxg6 29. Bxg6 hxg6 30.
Qxg6+ Kh8 31. Qh6+ $11) 27... Bxb4 28. fxg6 fxg6 29. Qd3 Qxd3 30. Bxd3 $11 a5 (
30... Rf2 31. Bxa6 Rxa2 32. Bc8 $11) 31. Rf1 Re8 32. a4 Kg7 33. g3 Re5 34. Bc4
Bc5 35. Kg2 Re4 36. Rf4 Re1 37. Rf1 Rxf1 38. Bxf1 Kf6 39. Bb5 Ke5 1/2-1/2

[Event "Asia-ch 5th"]
[Site "Hyderabad"]
[Date "2005.10.08"]
[Round "3"]
[White "Zhang, Zhong"]
[Black "Zhao, Jun"]
[Result "1-0"]
[WhiteElo "2598"]
[BlackElo "2500"]
[Annotator "Rogozenco,D"]
[PlyCount "99"]
[EventDate "2005.10.05"]
[EventType "swiss"]
[EventRounds "9"]
[EventCountry "IND"]
[SourceTitle "CBM 110"]
[Source "ChessBase"]
[SourceDate "2006.01.31"]
[SourceVersion "1"]
[SourceVersionDate "2006.01.31"]
[SourceQuality "1"]

1. e4 c5 2. Nf3 Nc6 3. d4 cxd4 4. Nxd4 Nf6 5. Nc3 e5 6. Ndb5 d6 7. Bg5 a6 8.
Na3 b5 9. Bxf6 gxf6 10. Nd5 f5 11. g3 fxe4 12. Bg2 Be6 13. Bxe4 Rc8 14. c3 Bg7
15. Qh5 Ne7 16. Rd1 Nxd5 (16... Rc5 {is another main possibility}) 17. Bxd5 O-O
{This natural move allows White to transfer conveniently the knight to e3.} ({
Stronger is} 17... Qd7 18. O-O (18. Nc2 Bg4 19. Qg5 (19. Bxf7+ $2 Kf8 $19)
19... Bxd1 20. Qxg7 Bxc2 21. Qxh8+ Ke7 22. Qg7 Qf5 23. O-O Qg6 $11) 18... Rc5 (
18... Bg4 $6 19. Qg5 Bxd1 $140 $2 (19... O-O 20. Rd2 $14) 20. Qxg7 $18) (18...
O-O 19. Rd2 Rc5 20. Qd1 $13)) 18. Nc2 $1 (18. O-O Rc5) 18... Qd7 (18... Bxd5
19. Rxd5 Rc5 20. Rd2 (20. Ne3 $5 Qa8 21. Qd1 f5 (21... Bh6 22. b4 Rxd5 23. Nxd5
Kh8 24. O-O f5 25. Qd3 $14) 22. O-O f4 23. Rxc5 dxc5 24. Qd5+ Qxd5 25. Nxd5 Rd8
26. Rd1 $14) 20... e4 21. Qe2 (21. Qd1 Be5 22. O-O Qg5 23. Ne3 f5 24. f4 exf3
25. Qxf3 $14 {1-0 Tischbierek,R (2440)-Roesler,M (2265)/Bad Blankenburg 1990 
(53)}) 21... f5 22. O-O Kh8 23. Rfd1 Be5 24. Nb4 a5 25. Nd5 Qb8 26. a3 Qb7 27.
f4 exf3 28. Qxf3 Rc4 29. Rf2 Qg7 30. Kh1 Rg4 31. Rdf1 Rg5 32. Qd3 Qb7 33. Qf3
Qg7 34. Qd3 Qb7 35. Qf3 Qg7 {1/2-1/2 Berg,E (2495)-Moiseenko,A (2623)/Moscow
2004}) 19. Ne3 Kh8 20. O-O $14 {This is a typical position with advantage for
White. After the trade of light squared bishops, White's knight on d5 will be
better than Black's dark squared bishop.} f5 21. Rd2 (21. f4 {would be a
standard continuation, but White delays it for the moment, since Black cannot
advance ...f4 yet.}) 21... Bxd5 (21... f4 $2 22. Be4 $1 Bg8 23. Nf5 Rf6 (23...
d5 24. Nh4 Rc6 25. Rxd5 $18) 24. Rfd1 {winning the d-pawn.}) 22. Nxd5 {With
the light squared bishops on (for instance white bishop on g2 and black on e6)
the position would have been balanced. The absence of those bishops favours
White.} Rce8 23. f4 Qa7+ 24. Kg2 Qb7 25. Qf3 {As long as White keeps control
over square d5 (and here this is a simple task), Black has big difficulties to
create any real threats.} Bh6 26. Rfd1 Qg7 27. Rf2 Re6 28. Re2 {The loss of
time is no problem for White: there is little Black can do.} Qf7 29. Rde1 {
Finding the target: pawn e5.} Rfe8 30. Nb4 a5 (30... Qa7 31. fxe5 $18 {[%csl
Rf5]}) 31. Nc6 $16 {[%csl Ra5] While the knight attacks opponent's weaknesses,
the bishop on h6 is doing nothing.} e4 32. Qe3 Rg6 (32... a4 33. Qb6 $16) 33.
Nxa5 (33. a3 $2 d5 $1 34. Nxa5 Qc7 $132 {[%csl Ra5][%cal Gh6f4]}) 33... Qxa2
34. Nc6 {[%csl Rb5,Rd6,Rf5]} Bg7 (34... d5 35. Nd4 {[%csl Rb5,Rf5]}) 35. Rd2
Qb3 36. Nb4 d5 {Black gives up a pawn in hope to create some counterplay, but
White defends everything and remains with a winning position.} (36... Qf7 37.
Rd5 $16) 37. Nxd5 Rd6 38. Nb4 Red8 39. Ree2 h6 ({He should have tried at least
to fight for the d-file:} 39... Qe6 $16 {[%cal Ge6d7]}) 40. Rxd6 Rxd6 41. Rd2
$18 Rxd2+ (41... Qe6 42. h3 Qd7 43. Rxd6 Qxd6 44. g4 Qd7 45. Kg3 $18 {[%cal
Gb4c2,Gc2d4]}) 42. Qxd2 Bf8 43. Qd4+ Kh7 44. Qd7+ Kh8 45. Nd5 Qxb2+ 46. Kh3 Qd2
47. Qxf5 Bg7 48. Qxe4 Bxc3 49. Qe8+ Kg7 50. Qd7+ 1-0

[Event "Capablanca Memorial Elite 38th"]
[Site "Havana"]
[Date "2003.05.10"]
[Round "5"]
[White "Morovic Fernandez, Ivan"]
[Black "Leitao, Rafael Duailibe"]
[Result "1/2-1/2"]
[WhiteElo "2551"]
[BlackElo "2533"]
[Annotator "Rogozenco,D"]
[PlyCount "85"]
[EventDate "2003.05.06"]
[EventType "tourn"]
[EventRounds "11"]
[EventCountry "CUB"]
[EventCategory "13"]
[SourceTitle "CBM 096"]
[Source "ChessBase"]
[SourceDate "2003.09.25"]
[SourceVersion "1"]
[SourceVersionDate "2003.09.25"]
[SourceQuality "1"]

1. e4 c5 2. Nf3 Nc6 3. d4 cxd4 4. Nxd4 Nf6 5. Nc3 e5 6. Ndb5 d6 7. Bg5 a6 8.
Na3 b5 9. Bxf6 gxf6 10. Nd5 Bg7 11. Bd3 Ne7 12. Nxe7 Qxe7 13. O-O O-O 14. c4 f5
15. Qf3 {Black is facing serious troubles in this opening line. However, Black
players don't give up and are looking for resources in worse endgames. In my
opinion this is not a perspective thing to do here and the whole line is
suspicious for Black.} bxc4 16. Nxc4 d5 17. exd5 e4 18. Qe3 Bb7 19. d6 Qf6 20.
Bc2 f4 (20... Rac8 $5 {Jakovenko succeeded to hold against Svidler by not
pushing f5-f4 at all. In principle this is a more realistic approach, trying
just to equalize an worse position rather than hold difficult endgames.} 21. b3
Bd5 22. Rad1 (22. d7 $5 {and apparently Black still must fight for a draw.} Rc7
23. Rad1 {White keeps}) 22... Bxc4 23. bxc4 Rxc4 24. Bb3 Rc3 25. Qa7 Rd8 26.
Rd5 Bf8 27. d7 Qc6 28. Qd4 Rd3 29. Qc4 Qxc4 30. Bxc4 Rxd5 31. Bxd5 Rxd7 {
1/2-1/2 Svidler,P-Jakovenko,D/Togliatti 2003 (39)}) 21. Qh3 Rac8 22. b3 Qg5 (
22... Qg6 {This attempt to improve fails to Grischuk's brilliant 25.Qf3:} 23.
Rad1 Rc5 24. d7 Rh5 25. Qf3 $1 $16 {1/2-1/2 Grischuk,A-Jakovenko,D/Moscow 2003
(97)}) 23. d7 $1 Rc6 24. Bxe4 Rh6 25. Qf5 Qh4 26. h3 Rh5 (26... Rf6 27. d8=Q
Rxd8 28. Qa5 Bxe4 29. Qxd8+ Bf8 30. f3 Bf5 {1-0 Anand,V-Kasimdzhanov,R/
Hyderabad 2002.}) 27. Qg4 Bxe4 28. Qxh4 Rxh4 29. Nd6 (29. Rad1 $1 {The right
move, indicated by Anand.} Rd8 30. Rfe1 Bc6 31. Na5 (31. Rd6 $1 $16) 31... Bb5
32. a4 Rxd7 33. axb5 Rxd1 34. Rxd1 axb5 35. Rd8+ Bf8 36. Rd5 b4 37. Rg5+ Kh8
38. Nc6 f6 39. Rb5 f3 40. Rf5 fxg2 41. Rxf6 Kg7 42. Rf3 Rh5 43. Nd4 Re5 44.
Kxg2 Bc5 45. Rf4 Kg6 {and Black succeeded to hold in Yagupov,I-Ataman,A/
Istanbul 2003.}) 29... Bc6 30. Nf5 Bxa1 31. Rxa1 Rxh3 32. Ne7+ Kg7 33. Nxc6 Rd3
34. d8=Q Rfxd8 35. Nxd8 Rxd8 {It is amazing that all this was analysed by
Anand, who rightly gave it as equal. The present game just confirms this
evaluation.} 36. Rc1 {With White to move, he could have achjieved advantage
with Rc6 or Rc4-a4, but unfortunately for him Black activates the rook and
easily achieves a draw.} Rd2 37. a4 Rb2 38. Rc6 (38. Rc3 a5 $11) 38... Rxb3 39.
f3 a5 40. Rc5 Rb1+ 41. Kh2 Ra1 42. Rxa5 Kg6 43. Ra8 1/2-1/2

[Event "Moscow Tal Memorial 3rd"]
[Site "Moscow"]
[Date "2008.08.22"]
[Round "5"]
[White "Morozevich, Alexander"]
[Black "Shirov, Alexei"]
[Result "1/2-1/2"]
[WhiteElo "2788"]
[BlackElo "2741"]
[Annotator "Rogozenco,D"]
[PlyCount "87"]
[EventDate "2008.08.18"]
[EventType "tourn"]
[EventRounds "9"]
[EventCountry "RUS"]
[EventCategory "20"]
[SourceTitle "CBM 126"]
[Source "ChessBase"]
[SourceDate "2008.10.01"]
[SourceVersion "1"]
[SourceVersionDate "2008.10.01"]
[SourceQuality "1"]

1. e4 c5 2. Nf3 Nc6 3. d4 cxd4 4. Nxd4 Nf6 5. Nc3 e5 6. Ndb5 d6 7. Bg5 a6 8.
Na3 b5 9. Nd5 Be7 10. Bxf6 Bxf6 11. c4 {Thanks to Morozevich's efforts this
system has lately become one of the most fashionable ways to meet the
Sveshnikov Sicilian.} b4 12. Nc2 a5 13. g3 ({One year ago in the World Blitz
Championship the game between the same opponents continued} 13. Qf3 Bg5 (13...
Be7 $142) 14. h4 Bh6 15. g4 f6 16. g5 ({The next day Morozevich improved:} 16.
Rg1 O-O 17. Qg3 g6 18. g5 fxg5 19. hxg5 Bg7 20. O-O-O a4 21. c5 $16 {1-0
Morozevich,A (2755)-Carlsen,M (2714)/Moscow (blitz) 2007 (41)}) 16... fxg5 17.
hxg5 Qxg5 18. Rxh6 gxh6 19. Nc7+ Ke7 20. Nxa8 Bg4 21. Qd3 Rxa8 22. Qd5 Rc8 {
0-1 Morozevich,A (2755)-Shirov,A (2739)/Moscow (blitz) 2007 (46): with good
play for Black:}) ({The other way to develop pieces} 13. Be2 {followed by 0-0
and Qd3 is preferred by Kamsky.}) 13... O-O 14. h4 Be6 15. Bg2 $146 {
Previously in this system h2-h4 has always been followed by Bh3. However, the
idea to place the bishop on g2 after having played h2-h4 is a rather common
plan in the systems with the pawn on c3 instead of c4 (11.c3). The pawn on h4
prevents Bf6-g5 and is a useful move in most cases anyway.} ({A few months
prior to the present game, after the standard} 15. Bh3 {Shirov found a way to
exploit his development advantage with the new idea} a4 $1 {using the fact
that White cannot quickly find a safe place for his king. Black obtained
promising play after} 16. Ncxb4 (16. Kf1 b3 $36) 16... Nxb4 17. Bxe6 fxe6 18.
Nxb4 Qb6 19. Qd2 Be7 20. a3 Rf3 21. Rf1 Raf8 $44 {1-0 Nisipeanu,L (2684)
-Shirov,A (2740)/Foros 2008 (36).}) 15... g6 $5 {Having some lead in
development Shirov is not afraid of a possible attack on the h-file.} (15... a4
{is still an option, although with the bishop on g2 it's less attractive since
White would simply castle} 16. O-O {and Black still has some problems to solve:
his bishop can't go to g5, while the queenside pawns need protection. A
possible follow-up is} (16. Ncxb4 $6 Nxb4 17. Nxb4 Qa5 18. a3 Bxc4 {again
leaves White with the king in the center}) 16... b3 17. axb3 (17. Nce3 $5)
17... axb3 18. Rxa8 Qxa8 19. Nxf6+ gxf6 20. Ne3 Nd4 21. f4 $5 $36) 16. Nxf6+ {
Otherwise the bishop will retreat to g7.} ({After} 16. h5 Bg5 {White doesn't
have direct ways to develop an attack, since} 17. f4 exf4 18. gxf4 Bh4+ 19. Kf1
g5 {[%cal Gf7f5]} 20. f5 Ne5 $132 {[%csl Gf1] is hardly the position White is
aiming for}) (16. O-O Bg7 $11) 16... Qxf6 17. b3 (17. Qxd6 $2 Rac8 18. Ne3 Rfd8
19. Qc5 Nd4 20. Qb6 Qe7 {and White is in trouble: apart from the complete lack
of coordination between his pieces, the queen on b6 can easily be trapped:} 21.
O-O Rb8 22. Qxa5 Ra8 23. Qxe5 ({or} 23. Qb6 Rdb8 $19) 23... f6 24. Qf4 Ne2+) (
17. Ne3 {releases control over the d4-square, allowing} Nd4) (17. Qd3 Rfc8 18.
O-O $140 $2 Bxc4 19. Qxc4 Nd4 $17) 17... a4 {Black must try to create activity
on the a-file if he wishes to avoid a passive position. Shirov rightly decided
that there is no point in delaying the advance of the a-pawn, although it
should be added that such a decision has certain drawbacks, since the advance
of the a-pawn always weakens the pawn on b4.} 18. O-O (18. Qxd6 $2 {loses
again:} axb3 19. axb3 (19. Qxc6 bxc2 $19) 19... Nd4 $1 20. Rc1 Nxc2+ 21. Rxc2
Ra1+ 22. Ke2 Bg4+ {followed by 23...Qxd6}) 18... axb3 {An understandable
desire to release the tension and distract the queen from the d-file (and thus
not have to worry about the d-pawn).} ({The alternative} 18... Qe7 19. Qd2 Qb7
20. h5 (20. Qxd6 Rfd8 21. Qc5 Rd2 22. Rfc1 (22. Rac1 axb3 23. axb3 Ra2 $17)
22... axb3 23. axb3 Rxa1 24. Nxa1 Nd4 $44) 20... Ra7 $1 {leads to a
complicated middlegame: White has possibilities to develop an initiative on
the kingside, but Black keeps sufficient chances for counterplay. E.g.} 21. f4
$5 (21. Kh2 Rfa8 22. f4 axb3 23. axb3 Rxa1 24. Nxa1 Qe7 25. f5 Bd7 26. Nc2 Ra2
$13) 21... Qb6+ 22. Kh2 exf4 23. gxf4 Qc5 24. f5 Qe5+ 25. Kg1 axb3 26. axb3
Rxa1 27. Rxa1 Bxc4 28. bxc4 b3 $132 {[%csl Rg1]}) 19. axb3 Rxa1 20. Qxa1 Qd8 (
20... Qe7 21. Rd1 Qc7 22. Rd3 $5 Rd8 (22... Bg4 23. Bf3 $14) 23. h5 $14) 21.
Rd1 ({A direct assault on the a-file brings nothing:} 21. Qa6 Qc7 22. Ra1 Rb8 {
[%cal Gb8b6]}) 21... Qa5 {This interesting manoeuvre by Black's queen seems to
keep the balance, since neither taking on d6, nor exchanging queens on a5
promise White anything. However, White still has a formal edge thanks to the
weak pawns on d6 and b4, but he needs to find more resources to keep up the
pressure.} 22. h5 $1 {Morozevich skillfully creates problems by playing on
both wings. Now Black faces a rather unpleasant choice: to go for a
dangerous-looking endgame by handing White the control over the a-file, or
playing a middlegame, where White has different ways to fight for the
initiative on the entire board. In fact both options are playable, but from
the practical point of view White has a (psychological) initiative.} (22. Rxd6
Qxa1+ 23. Nxa1 Nd4 {[%cal Gf8a8]} 24. Ra6 Rd8 $44 {[%csl Ra1]}) ({In the event
of} 22. Qb2 Qc5 (22... Ra8 23. Rxd6 $16) 23. Ra1 {the strong queen on c5
limits White's active options.} (23. h5 Ra8 $11) 23... Bg4 $5 24. Ne3 Be6 {
[%csl Rd4]}) (22. Qxa5 Nxa5 23. Nxb4 Nxb3 24. Rxd6 Bxc4 $11) 22... Qxa1 (22...
Ra8 $2 {allows} 23. Qxa5 Nxa5 (23... Rxa5 {just loses a pawn} 24. Rxd6) 24. Ra1
$1 {and the pin is highly unpleasant for Black}) ({As mentioned, keeping the
queens was a reasonable alternative:} 22... Rd8 23. h6 (23. Qb2 Qc5 $14 {/~~})
23... Bg4 $13 (23... f6 24. Qb2 $13 {[%cal Gd1a1] /+/=})) (22... Qc5 $5) 23.
Rxa1 {The endgame is better for White due to the control over the a-file and
the weakness of the b4-pawn. Nevertheless Shirov had a very concrete approach
and discovered that Black has resources for counterplay.} gxh5 $1 {In order to
save the endgame Black must play very precisely. The white pawn on h6 would
have increased White's advantage considerably.} (23... Rb8 $6 24. Ra6 Bd7 25.
h6 {is already difficult for Black. For instance} f6 {loses a pawn after} 26.
Bh3 $1) 24. Ra6 Rc8 25. Kh2 $5 {This slightly unexpected move prepares Bh3.} ({
It turns out that winning the pawn b4 immediately allows Black great activity:
} 25. Rb6 Kg7 26. Nxb4 Nd4 27. Nd3 (27. Rxd6 Nxb3 $11) (27. Nd5 Bg4 $1 {
[%cal Gc8a8,Gd4f3]} 28. Ne3 Ra8 29. Nxg4 hxg4 $132) 27... Ra8 $132) 25... Kf8
26. Bh3 (26. Rb6 Ke7 27. Nxb4 Nxb4 (27... Nd4 28. Nd5+ Bxd5 29. exd5 $13 Ra8
$140 30. c5 $36 dxc5 $2 31. d6+ $18) 28. Rxb4 Ra8 $13) 26... Ke7 27. Rb6 Kd7 {
Active defence! Shirov follows the same concrete strategy: due to positional
threats 28...Kc7 and/or 28...Ra8 White cannot delay taking the b4-pawn anymore.
} 28. Nxb4 {Notice that both sides want to exchange bishops in their own ways:
White would be happy if Black takes on h3, which would hande White control
over the d5-square, while Black would like to exchange bishops on e6 and then
take back with the pawn, which would solve Black's problem of the d5-square.}
Nxb4 $1 {Again the right reaction. Leaving the knights on the board was too
dangerous, since thanks to the pin on Black's bishop White could install a
mighty knight on d5, which would have cooperated very well with the rook on b6.
} ({Black's task is more difficult after} 28... Nd4 29. Nd5 Nf3+ 30. Kg2 Ne1+
31. Kf1 Nf3 (31... Bxh3+ 32. Kxe1 $16) 32. Bf5 $1) 29. Rxb4 Kc6 {Intending the
activate the king via c5 and d4.} 30. Rb5 $1 {Apart from preventing Kc5, the
rook is very active on the fifth rank and Morozevich connects it with the
advance f2-f4. However, in spite of White's subtle play Black's position is
defendable and Shirov succeeds in drawing without apparent difficulties.} Ra8
31. Bxe6 fxe6 32. f4 ({Another plan is} 32. Kg2 Ra2 33. Kf3 $14 {with the idea
Ke3 and then f2-f4.}) 32... Ra2+ 33. Kh3 exf4 34. gxf4 Re2 $1 35. e5 d5 {
Right in time to create a passed pawn.} ({Most likely} 35... dxe5 {is
sufficient to save half a point as well, but In mutual time trouble
calculating the resulting pawn endgame was too risky. A possible variation is}
36. Rxe5 (36. fxe5 h6 37. Kh4 Rh2+ 38. Kg3 Rh1 39. Ra5 Rg1+ 40. Kf2 Rg5 41.
Ra6+ Kd7) 36... Rxe5 37. fxe5 Kc5 38. Kh4 Kd4 39. Kxh5 Kxe5 40. b4 Kd4 41. b5
Kc5 42. Kg4 h5+ 43. Kxh5 e5 44. Kg4 e4 45. Kg3 e3 46. Kf3 Kxc4 47. b6 Kd3 $11)
36. Rb8 (36. Kh4 {leads to a draw as well:} Re4 (36... d4 $5) 37. Kg5 dxc4 ({
Less accurate is} 37... h6+ 38. Kf6 dxc4 39. bxc4 Rxf4+ 40. Kxe6 h4 41. Rb3
Rxc4 42. Rf3) 38. bxc4 Rxc4 39. Rb8 Kd5 $1 $11) 36... d4 $1 37. Rd8 Kc5 38. Rd6
Re4 39. Kg3 h4+ 40. Kxh4 ({After} 40. Kg4 $6 {apart from} h3 {forcing to a
similar variation from the game:} 41. Kxh3 (41. Rxe6 $2 d3 42. Kxh3 d2 43. Rd6
Rd4 $19) 41... Rxf4 42. Kg3 {Black has an additional resource 40...h5+ and it
is White who must play accurately to get a draw.} (42. Rxe6 d3 43. Rd6 Rd4 $11)
) (40. Kf3 Re3+ (40... h3 $2 {doesn't work:} 41. Kxe4 h2 42. b4+ $1 Kxb4 43.
Rb6+ $18) 41. Kf2 (41. Kg4 $2 h3 $19) 41... Re4 42. Kf3 $11) 40... Rxf4+ 41.
Kg3 Re4 42. Rxe6 Re3+ 43. Kf4 Rxb3 44. Re7 (44. Re7 Kxc4 45. Rxh7 Re3 46. Kf5
d3 47. e6 d2 48. Rd7 Kc3 49. Rxd2 Kxd2 50. Kf6 $11) 1/2-1/2